[Event "DEM U12/U12w 2000"]
[Site "Überlingen GER"]
[Date "2000.06.10"]
[Round "11"]
[White "Henneberg, Olga"]
[Black "Kesten, Sebastian"]
[Result "1-0"]
[Termination "normal"]
[Board "23"]
[WhiteElo "1273"]
[BlackElo "1047"]
[PlyCount "67"]
[BlackFideId "24616214"]
[EventCountry "GER"]
[EventRounds "11"]
[EventType "swiss"]
[EventDate "2000.06.03"]

1. c4 e6 2. Nc3 Nf6 3. Nf3 d5 4. cxd5 exd5 5. d4 Bd6 6. Bg5 c6 7. e3 Nbd7 8.
Bd3 O-O 9. a3 Re8 10. b4 a6 11. Qc2 Nf8 12. Rb1 Be7 13. a4 Ne4 14. Bxe7 Qxe7
15. Bxe4 dxe4 16. Nd2 f5 17. Nc4 Nd7 18. Qb3 Kh8 19. b5 axb5 20. axb5 c5 21.
Nd5 Qd8 22. Nd6 Rf8 23. O-O cxd4 24. exd4 Nf6 25. Nxf6 Qxf6 26. Qd5 Be6 27. Qe5
Qxe5 28. dxe5 b6 29. Rfc1 Bd5 30. Ra1 Ra5 31. Rxa5 bxa5 32. Rc5 Bb3 33. b6 Ba4
34. b7 1-0

[Event "DEM U12/U12w 2000"]
[Site "Überlingen GER"]
[Date "2000.06.10"]
[Round "11"]
[White "Großmann, Susan"]
[Black "Rathke, Jens"]
[Result "0-1"]
[Termination "normal"]
[Board "24"]
[WhiteElo "1022"]
[BlackElo "1257"]
[PlyCount "112"]
[WhiteFideId "24608220"]
[EventCountry "GER"]
[EventRounds "11"]
[EventType "swiss"]
[EventDate "2000.06.03"]

1. e4 c5 2. d4 cxd4 3. c3 Nc6 4. cxd4 e6 5. Nf3 g6 6. Nc3 Bg7 7. Be3 d6 8. Bc4
Nf6 9. O-O O-O 10. Qe2 a6 11. Rfd1 b5 12. Bb3 b4 13. Nb1 Nxe4 14. Qc4 Bb7 15.
Nbd2 d5 16. Qe2 Nxd2 17. Qxd2 Rc8 18. Rac1 a5 19. Bh6 Re8 20. Bxg7 Kxg7 21. Rc5
Qb6 22. Rdc1 Ne7 23. Ba4 Red8 24. Rxc8 Rxc8 25. Re1 Nf5 26. Bc2 Nd6 27. Bb3 Qc6
28. Qe2 Ne4 29. Ne5 Ba6 30. Nxc6 Bxe2 31. Nxb4 axb4 32. f3 Bxf3 33. gxf3 Nd2
34. Re3 Nxb3 35. Rxb3 Rc4 36. Rd3 Kf6 37. h4 Rc1+ 38. Kg2 Rc2+ 39. Kg3 Rxb2 40.
Rb3 Rxb3 41. axb3 Kf5 42. Kf2 Kf4 43. Ke2 Kg3 44. Ke3 f5 45. f4 Kg4 46. h5 gxh5
47. Kf2 Kxf4 48. Kg2 Ke3 49. Kh3 f4 50. Kg2 Ke2 51. Kh3 f3 52. Kh2 f2 53. Kh1
f1=Q+ 54. Kh2 Qf4+ 55. Kh1 Qg4 56. Kh2 Kf2 0-1

[Event "DEM U12/U12w 2000"]
[Site "Überlingen GER"]
[Date "2000.06.10"]
[Round "11"]
[White "Nolting, Christoph"]
[Black "Becker, Erik"]
[Result "1/2-1/2"]
[Termination "normal"]
[Board "25"]
[WhiteElo "1251"]
[BlackElo "1068"]
[PlyCount "59"]
[BlackFideId "4696921"]
[EventCountry "GER"]
[EventRounds "11"]
[EventType "swiss"]
[EventDate "2000.06.03"]

1. Nf3 d5 2. d4 Nf6 3. Bf4 Nc6 4. e3 e6 5. Nbd2 Bd6 6. Bxd6 Qxd6 7. c4 dxc4 8.
Bxc4 Bd7 9. O-O O-O 10. Qc2 Rfe8 11. Rfd1 a6 12. a3 b5 13. Bd3 g6 14. Ne4 Nxe4
15. Bxe4 f5 16. Bd3 Rac8 17. Rac1 Re7 18. Be2 Rg7 19. Rd3 Na7 20. Ne5 Qb6 21.
Rc3 Be8 22. Bf3 Re7 23. Rb3 Kg7 24. Nc4 Qb8 25. a4 Kf6 26. Qc3 Kf7 27. Ne5+ Kg8
28. d5 Qb6 29. dxe6 Qxe6 30. Qc5 1/2-1/2

[Event "DEM U12/U12w 2000"]
[Site "Überlingen GER"]
[Date "2000.06.10"]
[Round "11"]
[White "Elstner, Eik"]
[Black "Scholtes, Benedikt"]
[Result "1-0"]
[Termination "normal"]
[Board "26"]
[WhiteElo "1027"]
[BlackElo "1223"]
[PlyCount "51"]
[WhiteFideId "24605581"]
[BlackFideId "24675423"]
[EventCountry "GER"]
[EventRounds "11"]
[EventType "swiss"]
[EventDate "2000.06.03"]

1. e4 e5 2. d3 c5 3. Be3 d6 4. Nc3 Nf6 5. Nf3 Nc6 6. g3 g6 7. Qd2 Bg7 8. Bh6
O-O 9. h4 Bg4 10. Be2 Bxf3 11. Bxf3 Nd4 12. Be2 Bxh6 13. Qxh6 Nxc2+ 14. Kd2
Nxa1 15. h5 Qd7 16. Nd5 Nxd5 17. hxg6 fxg6 18. exd5 Qg7 19. Qh2 Rf7 20. Bg4
Raf8 21. Be6 e4 22. Kc1 exd3 23. Kd2 Qxb2+ 24. Kxd3 Qd4+ 25. Ke2 c4 26. Qxh7#
1-0

[Event "DEM U12/U12w 2000"]
[Site "Überlingen GER"]
[Date "2000.06.10"]
[Round "11"]
[White "Lörincz, Benjamin"]
[Black "Muelenz, Claudius"]
[Result "1/2-1/2"]
[Termination "normal"]
[Board "27"]
[WhiteElo "1137"]
[BlackElo "1015"]
[PlyCount "38"]
[EventCountry "GER"]
[EventRounds "11"]
[EventType "swiss"]
[EventDate "2000.06.03"]

1. Nf3 c5 2. c4 e6 3. b3 Nc6 4. Bb2 Nf6 5. d4 cxd4 6. Nxd4 Bb4+ 7. Nd2 O-O 8.
N4f3 b6 9. e3 d5 10. a3 Be7 11. Rc1 Bb7 12. b4 a6 13. Bd3 Qd7 14. O-O Rfd8 15.
Rc2 Rac8 16. Qe2 Na7 17. Rfc1 Ne4 18. Rd1 h6 19. h3 f6 1/2-1/2

[Event "DEM U12/U12w 2000"]
[Site "Überlingen GER"]
[Date "2000.06.10"]
[Round "11"]
[White "Collmann, Jan"]
[Black "Mader, Michael"]
[Result "1/2-1/2"]
[Termination "normal"]
[Board "29"]
[WhiteElo "1076"]
[BlackElo "949"]
[PlyCount "32"]
[BlackFideId "4696913"]
[EventCountry "GER"]
[EventRounds "11"]
[EventType "swiss"]
[EventDate "2000.06.03"]

1. e4 e5 2. Nf3 Nc6 3. Bb5 a6 4. Bxc6 dxc6 5. O-O Bd6 6. h3 Ne7 7. c3 O-O 8. d4
Ng6 9. Bg5 f6 10. Be3 Qe8 11. Nbd2 exd4 12. cxd4 Bf4 13. Re1 Bxe3 14. Rxe3 Nf4
15. Qc2 Qg6 16. Nh4 Qf7 1/2-1/2

[Event "DEM U12/U12w 2000"]
[Site "Überlingen GER"]
[Date "2000.06.10"]
[Round "11"]
[White "Krenz, Sarah"]
[Black "Donners, Ricardo"]
[Result "1-0"]
[Termination "normal"]
[Board "31"]
[WhiteElo "1122"]
[BlackElo "884"]
[PlyCount "93"]
[EventCountry "GER"]
[EventRounds "11"]
[EventType "swiss"]
[EventDate "2000.06.03"]

1. d4 d5 2. c4 e5 3. dxe5 d4 4. Nf3 c5 5. e3 Nc6 6. exd4 cxd4 7. Bd3 Bc5 8. O-O
Bg4 9. Re1 Nge7 10. h3 Be6 11. Nbd2 Qd7 12. Ne4 b6 13. a3 a5 14. Rb1 O-O 15.
Bd2 a4 16. Qc2 Ng6 17. Neg5 Rfe8 18. Bxg6 fxg6 19. Nxe6 Qxe6 20. Qe4 Rad8 21.
Bg5 Rc8 22. Qd5 h6 23. Bf4 Rcd8 24. Qxe6+ Rxe6 25. Bg3 d3 26. Rbd1 Na5 27. Re4
Nb3 28. Nd2 Nd4 29. Kf1 Rf8 30. Rf4 Ne2 31. Rxf8+ Kxf8 32. Nf3 Nxg3+ 33. fxg3
Re7 34. Rxd3 Rf7 35. Ke2 Re7 36. Rd8+ Kf7 37. Ra8 Bd6 38. Rxa4 Bxe5 39. Nxe5+
Rxe5+ 40. Kd3 Rf5 41. Ra7+ Kg8 42. Ra6 Rf6 43. c5 bxc5 44. Rxf6 gxf6 45. a4 Kf8
46. a5 Ke8 47. a6 1-0

[Event "DEM U12/U12w 2000"]
[Site "Überlingen GER"]
[Date "2000.06.10"]
[Round "11"]
[White "Herkt, Julia"]
[Black "Backes, Marco"]
[Result "1-0"]
[Termination "normal"]
[Board "32"]
[WhiteElo "1015"]
[BlackElo "842"]
[PlyCount "53"]
[EventCountry "GER"]
[EventRounds "11"]
[EventType "swiss"]
[EventDate "2000.06.03"]

1. d4 d5 2. c4 dxc4 3. e4 e6 4. Bxc4 Nc6 5. Nf3 Nf6 6. Bg5 Be7 7. Nc3 b6 8. Bb5
Bd7 9. d5 exd5 10. exd5 Nb4 11. Bxd7+ Nxd7 12. Qe2 f6 13. Bf4 O-O 14. a3 Na6
15. Qxa6 Re8 16. O-O Nc5 17. Qc4 Bd6 18. Bxd6 Qxd6 19. b4 Nd7 20. Nd4 Ne5 21.
Qb3 Ng4 22. g3 Qe5 23. Nf3 Qh5 24. h4 Nh6 25. Nb5 Qf7 26. Rad1 a6 27. Nbd4 1-0

[Event "DEM U12/U12w 2000"]
[Site "Überlingen GER"]
[Date "2000.06.10"]
[Round "11"]
[White "Glowna, Uwe"]
[Black "Hummel, Helmut"]
[Result "0-1"]
[Termination "normal"]
[Board "33"]
[WhiteElo "1001"]
[BlackElo "682"]
[PlyCount "56"]
[EventCountry "GER"]
[EventRounds "11"]
[EventType "swiss"]
[EventDate "2000.06.03"]

1. e4 e5 2. Nf3 Nc6 3. Bb5 a6 4. Ba4 d6 5. d4 b5 6. Bb3 exd4 7. Bd5 Bb7 8. Nxd4
Qd7 9. Nxc6 Bxc6 10. Bxc6 Qxc6 11. O-O Nf6 12. Re1 Be7 13. e5 Nd5 14. exd6 Qxd6
15. b3 O-O 16. Bb2 c6 17. Nc3 Bf6 18. Nxd5 cxd5 19. Bxf6 gxf6 20. Qg4+ Kh8 21.
Re3 Qc6 22. c3 Rac8 23. Qh4 Rg8 24. Rae1 d4 25. Rf3 dxc3 26. Rc1 Qxf3 27. g3 c2
28. Qd4 Rgd8 0-1

[Event "DEM U12/U12w 2000"]
[Site "Überlingen GER"]
[Date "2000.06.10"]
[Round "11"]
[White "Kubernath, Max"]
[Black "Opaska, Ines"]
[Result "1/2-1/2"]
[Termination "normal"]
[Board "34"]
[WhiteElo "572"]
[BlackElo "990"]
[PlyCount "94"]
[EventCountry "GER"]
[EventRounds "11"]
[EventType "swiss"]
[EventDate "2000.06.03"]

1. d4 Nf6 2. Nc3 e6 3. Bg5 Be7 4. Nf3 d5 5. e3 h6 6. Bh4 b6 7. Bd3 Bb7 8. O-O
Nbd7 9. Re1 c5 10. Bb5 a6 11. Bxd7+ Nxd7 12. Bxe7 Qxe7 13. e4 Nf6 14. exd5 Nxd5
15. Nxd5 Bxd5 16. b3 O-O 17. dxc5 Qxc5 18. c4 Bb7 19. Qe2 Rad8 20. Qe3 Qxe3 21.
Rxe3 Bxf3 22. Rxf3 Rd2 23. h3 Rfd8 24. g3 Rb2 25. a4 Rdd2 26. a5 b5 27. cxb5
axb5 28. a6 Ra2 29. Rxa2 Rxa2 30. Rc3 Rxa6 31. Rc8+ Kh7 32. Rb8 Ra1+ 33. Kg2
Rb1 34. Rxb5 Kg6 35. Rb6 Kf6 36. h4 Ke5 37. Rb7 Kf6 38. Rb5 g6 39. g4 Ke7 40.
Rb7+ Kf8 41. b4 Rb3 42. f3 Kg7 43. Kg3 Kf6 44. Kf4 g5+ 45. hxg5+ hxg5+ 46. Ke4
Kg6 47. f4 f5+ 1/2-1/2

[Event "DEM U12/U12w 2000"]
[Site "Überlingen GER"]
[Date "2000.06.10"]
[Round "11"]
[White "Müller, Christian"]
[Black "Varbelow, Richard"]
[Result "1/2-1/2"]
[Termination "normal"]
[Board "35"]
[WhiteElo "914"]
[BlackElo "968"]
[PlyCount "100"]
[EventCountry "GER"]
[EventRounds "11"]
[EventType "swiss"]
[EventDate "2000.06.03"]

1. d4 d5 2. c4 e5 3. dxe5 d4 4. Nf3 c5 5. h3 Nc6 6. b3 Bf5 7. a3 a5 8. e3 g6 9.
exd4 cxd4 10. Bb2 Bg7 11. Bd3 Be6 12. O-O Nxe5 13. Nxd4 Nxd3 14. Nxe6 Nc5 15.
Nxd8 Rxd8 16. Qc2 Nf6 17. Qe2+ Ne6 18. Qf3 Nh5 19. Bxg7 Nhxg7 20. Qxb7 O-O 21.
Qb5 Nd4 22. Qb6 Nge6 23. Nc3 Rb8 24. Qd6 Rxb3 25. Nd5 Rbb8 26. Nf6+ Kg7 27. Qe5
Nc6 28. Qc3 Ncd4 29. Nd7 Kg8 30. Qe3 Rb3 31. Qe4 Rd8 32. Nf6+ Kg7 33. Qe5 Rb7
34. Ng4+ Kg8 35. Rad1 Ra7 36. Qh2 Kf8 37. Ne5 Ra6 38. f3 Rad6 39. Rde1 Nc2 40.
Rc1 Ne3 41. Rfe1 Nf5 42. c5 Rd2 43. c6 Rc8 44. c7 Rb2 45. Nd7+ Ke7 46. Red1 f6
47. Rb1 Rc2 48. Rdc1 R2xc7 49. Rxc7 Rxc7 50. Rd1 Rc3 1/2-1/2

[Event "DEM U12/U12w 2000"]
[Site "Überlingen GER"]
[Date "2000.06.10"]
[Round "11"]
[White "Brehmer, Johann Hinrich"]
[Black "Kessler, Paul"]
[Result "1-0"]
[Termination "normal"]
[Board "36"]
[WhiteElo "941"]
[BlackElo "654"]
[PlyCount "55"]
[EventCountry "GER"]
[EventRounds "11"]
[EventType "swiss"]
[EventDate "2000.06.03"]

1. d4 f5 2. Bg5 h6 3. Bh4 g5 4. Bg3 f4 5. e3 h5 6. Bd3 Bg7 7. exf4 h4 8. fxg5
hxg3 9. Bg6+ Kf8 10. Qf3+ Nf6 11. fxg3 Nc6 12. gxf6 Bxf6 13. Ne2 Kg7 14. Qg4 d6
15. Bf5+ Kf8 16. Bxc8 Qxc8 17. Qxc8+ Rxc8 18. O-O Kg7 19. c3 Rh7 20. Nd2 Bg5
21. Nf4 Bxf4 22. gxf4 Rch8 23. h3 Nd8 24. Rae1 Kf7 25. Ne4 Ne6 26. f5 Rg7 27.
fxe6+ Kxe6 28. Nf6+ 1-0

[Event "DEM U12/U12w 2000"]
[Site "Überlingen GER"]
[Date "2000.06.10"]
[Round "11"]
[White "Bräutigam, Thorben"]
[Black "Slobodan, Nadja"]
[Result "1-0"]
[Termination "normal"]
[Board "37"]
[WhiteElo "1123"]
[BlackElo "766"]
[PlyCount "127"]
[EventCountry "GER"]
[EventRounds "11"]
[EventType "swiss"]
[EventDate "2000.06.03"]

1. f4 d5 2. Nf3 Nc6 3. d3 Nf6 4. g3 Bg4 5. Bg2 e6 6. Be3 Bd6 7. Nbd2 O-O 8. O-O
h6 9. Bf2 Re8 10. e4 Bxf3 11. Bxf3 dxe4 12. dxe4 e5 13. fxe5 Nxe5 14. Bg2 b6
15. Kh1 Bc5 16. Bxc5 bxc5 17. Nb3 Qxd1 18. Raxd1 Nfd7 19. Rd5 c4 20. Nc5 Nxc5
21. Rxc5 c6 22. b3 cxb3 23. cxb3 f6 24. Rd1 Red8 25. Rxd8+ Rxd8 26. h3 Rd1+ 27.
Kh2 Rd2 28. a4 Rd3 29. b4 Rd4 30. b5 cxb5 31. axb5 Ra4 32. Rd5 Kf7 33. g4 Ke6
34. Kg1 Ke7 35. Rc5 Ra5 36. Rc7+ Kf8 37. Bf1 Nf3+ 38. Kf2 Nd4 39. Rb7 Ra3 40.
Bc4 Rc3 41. Bd5 Ra3 42. Rf7+ Ke8 43. Rb7 Ra5 44. Bc6+ Kf8 45. Ke3 Nxc6 46. bxc6
Rc5 47. c7 Ke8 48. Kd4 Rc1 49. Kd5 a5 50. Kd6 a4 51. Rb8+ Kf7 52. c8=Q Rxc8 53.
Rxc8 a3 54. Ra8 a2 55. Rxa2 Kg6 56. e5 fxe5 57. Kxe5 Kg5 58. Ra7 Kg6 59. h4 Kh7
60. Kf5 h5 61. g5 Kg8 62. g6 Kf8 63. Ke6 Ke8 64. Ra8# 1-0

[Event "DEM U12/U12w 2000"]
[Site "Überlingen GER"]
[Date "2000.06.10"]
[Round "11"]
[White "Walker, Maria"]
[Black "Dathe, Fabian"]
[Result "1/2-1/2"]
[Termination "normal"]
[Board "38"]
[WhiteElo "844"]
[BlackElo "1004"]
[PlyCount "62"]
[EventCountry "GER"]
[EventRounds "11"]
[EventType "swiss"]
[EventDate "2000.06.03"]

1. e4 e5 2. Nf3 Nc6 3. Bc4 Bc5 4. c3 Nf6 5. d4 exd4 6. cxd4 Bb4+ 7. Bd2 Nxe4 8.
Bxb4 Nxb4 9. O-O O-O 10. Nc3 Nxc3 11. bxc3 Nc6 12. Re1 Ne7 13. Qd2 Ng6 14. Ne5
Nxe5 15. Rxe5 d6 16. Re2 Bf5 17. Rae1 Bg6 18. Bd3 Bxd3 19. Qxd3 Qd7 20. h3 Rfd8
21. Re8+ Rxe8 22. Rxe8+ Qxe8 23. Kh2 g6 24. Qc4 Qd7 25. Qb4 Qc6 26. Qb3 Kg7 27.
d5 Qb6 28. Qxb6 axb6 29. Kg3 Kf6 30. f4 b5 31. Kf3 g5 1/2-1/2

[Event "DEM U12/U12w 2000"]
[Site "Überlingen GER"]
[Date "2000.06.10"]
[Round "11"]
[White "Janiesch, Maike"]
[Black "Stelter, Christoph"]
[Result "1-0"]
[Termination "normal"]
[Board "39"]
[WhiteElo "465"]
[BlackElo "959"]
[PlyCount "83"]
[EventCountry "GER"]
[EventRounds "11"]
[EventType "swiss"]
[EventDate "2000.06.03"]

1. d4 Nf6 2. c4 g6 3. Nc3 d6 4. Nf3 Bg7 5. Bg5 Nbd7 6. e3 O-O 7. Bd3 e5 8. d5
Nb6 9. e4 Bd7 10. O-O c6 11. Re1 Rc8 12. Rc1 Bg4 13. h3 Bxf3 14. Qxf3 cxd5 15.
cxd5 h6 16. Bxf6 Qxf6 17. Qxf6 Bxf6 18. Nb5 Rxc1 19. Rxc1 Nc8 20. Rc7 a6 21.
Nc3 b5 22. b4 Ne7 23. a4 bxa4 24. Nxa4 Ra8 25. Nb6 Rb8 26. Nd7 Rxb4 27. Nxf6+
Kg7 28. Ne8+ Kf8 29. Nxd6 Rd4 30. Bxa6 Ra4 31. Bb5 Ra8 32. Bc6 Rd8 33. Nb7 Rb8
34. g3 g5 35. Nd6 Rd8 36. Nf5 Nxf5 37. exf5 Kg7 38. g4 Kf6 39. f3 Rb8 40. d6
Rb4 41. d7 Ke7 42. f6+ 1-0

[Event "DEM U12/U12w 2000"]
[Site "Überlingen GER"]
[Date "2000.06.10"]
[Round "11"]
[White "Reichel, Matti"]
[Black "Popovic, Nathalie"]
[Result "0-1"]
[Termination "normal"]
[Board "40"]
[WhiteElo "921"]
[BlackElo "745"]
[PlyCount "72"]
[BlackFideId "24630292"]
[EventCountry "GER"]
[EventRounds "11"]
[EventType "swiss"]
[EventDate "2000.06.03"]

1. e4 e5 2. Nf3 Nc6 3. Bc4 Bc5 4. d3 Nf6 5. Bg5 O-O 6. Nc3 Be7 7. Qd2 d6 8.
O-O-O a6 9. h3 b5 10. Bb3 Rb8 11. Nd5 a5 12. Nxe7+ Qxe7 13. Bd5 Bb7 14. g4 Nb4
15. Bb3 a4 16. Bxf7+ Qxf7 17. Qxb4 Qxa2 18. Qa3 Qxa3 19. bxa3 Bc6 20. Bd2 Rb7
21. Nh4 Ra8 22. Nf5 Kf7 23. Kb2 Bd7 24. Bb4 Rb6 25. Ka1 c5 26. Bd2 b4 27. axb4
cxb4 28. Rb1 b3 29. cxb3 axb3+ 30. Kb2 Ra2+ 31. Kc1 b2+ 32. Kc2 Ba4+ 33. Kc3
Rc6+ 34. Kb4 Bc2 35. Kb5 Rc5+ 36. Kb4 Ra4# 0-1

[Event "DEM U12/U12w 2000"]
[Site "Überlingen GER"]
[Date "2000.06.10"]
[Round "11"]
[White "Rath, Alina"]
[Black "Tovmasian, Nelli"]
[Result "1/2-1/2"]
[Termination "normal"]
[Board "41"]
[WhiteElo "912"]
[BlackElo "702"]
[PlyCount "54"]
[WhiteFideId "24607886"]
[BlackFideId "24611735"]
[EventCountry "GER"]
[EventRounds "11"]
[EventType "swiss"]
[EventDate "2000.06.03"]

1. d4 d5 2. c4 e5 3. Nc3 Bb4 4. e3 c5 5. a3 Bxc3+ 6. bxc3 cxd4 7. cxd4 exd4 8.
Qxd4 Nf6 9. cxd5 Qxd5 10. Qxd5 Nxd5 11. Bb2 O-O 12. g3 Nb6 13. Bg2 Na4 14. Rb1
Nc6 15. Ne2 Rd8 16. Ba1 Rd3 17. Nd4 Nxd4 18. Bxd4 Rxa3 19. O-O h6 20. Bxb7 Rb8
21. Bxc8 Rxc8 22. Bxa7 Nc3 23. Rb8 Rxb8 24. Bxb8 Rb3 25. Be5 Ne4 26. Rd1 f6 27.
Bf4 Kf7 1/2-1/2

[Event "DEM U12/U12w 2000"]
[Site "Überlingen GER"]
[Date "2000.06.10"]
[Round "11"]
[White "Goedeke-Tort, Maheba"]
[Black "Laake, Jasmin"]
[Result "1/2-1/2"]
[Termination "normal"]
[Board "43"]
[WhiteElo "916"]
[BlackElo "633"]
[PlyCount "70"]
[BlackFideId "4699939"]
[EventCountry "GER"]
[EventRounds "11"]
[EventType "swiss"]
[EventDate "2000.06.03"]

1. e4 e5 2. Nf3 Nc6 3. Bc4 Bc5 4. c3 Nf6 5. d4 exd4 6. cxd4 Bb4+ 7. Bd2 Nxe4 8.
Qe2 d5 9. Bxb4 Nxb4 10. Nc3 dxc4 11. Qxe4+ Be6 12. O-O c6 13. a3 Nd3 14. b3 O-O
15. bxc4 Bxc4 16. Rfd1 Re8 17. Qf5 g6 18. Qg4 Qa5 19. Ne4 Kh8 20. Qh4 Rg8 21.
Nf6 Rg7 22. Qh6 Qf5 23. Qh4 g5 24. Qh6 g4 25. Nh4 Qxf2+ 26. Kh1 Qf4 27. Qxf4
Nxf4 28. g3 Ng6 29. Nf5 Rd8 30. Nxg7 Kxg7 31. Nxg4 Bd5+ 32. Kg1 Bf3 33. Ne3
Bxd1 34. Rxd1 c5 35. dxc5 Rxd1+ 1/2-1/2

[Event "DEM U12/U12w 2000"]
[Site "Überlingen GER"]
[Date "2000.06.10"]
[Round "11"]
[White "Tischer, Jana"]
[Black "Weber, Julia"]
[Result "1/2-1/2"]
[Termination "normal"]
[Board "44"]
[WhiteElo "749"]
[BlackElo "452"]
[PlyCount "217"]
[WhiteFideId "24617164"]
[EventCountry "GER"]
[EventRounds "11"]
[EventType "swiss"]
[EventDate "2000.06.03"]

1. e4 e5 2. Nf3 Nc6 3. d4 exd4 4. Nxd4 Nxd4 5. Qxd4 b6 6. Bc4 Bb7 7. O-O c5 8.
Qd3 Qc7 9. Nc3 Bd6 10. Qh3 a6 11. Re1 b5 12. Bd5 Ne7 13. Bd2 O-O 14. Rad1 b4
15. Ne2 Bxd5 16. exd5 Nxd5 17. c3 bxc3 18. Nxc3 Nxc3 19. Bxc3 Rae8 20. Kh1
Rxe1+ 21. Rxe1 c4 22. Qg4 f6 23. Re4 a5 24. Rxc4 Qb6 25. Bd4 Qb5 26. Rc1 Be5
27. h3 Bxd4 28. Qxd4 Rb8 29. b3 Rd8 30. Qc4+ Qxc4 31. Rxc4 Re8 32. Rd4 Re2 33.
Rxd7 Rxa2 34. Ra7 h6 35. b4 a4 36. b5 Rxf2 37. b6 Rb2 38. b7 Kh7 39. Kh2 a3 40.
h4 Kg6 41. Kg3 a2 42. Kf4 a1=Q 43. Rxa1 Rxb7 44. g4 Rb4+ 45. Kg3 h5 46. gxh5+
Kxh5 47. Ra5+ g5 48. hxg5 fxg5 49. Ra2 g4 50. Rh2+ Kg5 51. Rd2 Rb3+ 52. Kg2 Rf3
53. Rf2 Rxf2+ 54. Kxf2 Kf4 55. Kg2 g3 56. Kg1 Kf3 57. Kf1 Kg4 58. Kg2 Kh4 59.
Kg1 Kh3 60. Kh1 Kg4 61. Kg2 Kf4 62. Kg1 Kf3 63. Kf1 Kg4 64. Kg2 Kf4 65. Kg1 Kg5
66. Kh1 Kh4 67. Kg1 Kh3 68. Kh1 Kg4 69. Kg2 Kf4 70. Kg1 Kf3 71. Kf1 Ke3 72. Kg2
Kf4 73. Kg1 Kf3 74. Kf1 Kg4 75. Kg2 Kh4 76. Kg1 Kh3 77. Kh1 Kh4 78. Kg1 Kg4 79.
Kg2 Kf4 80. Kg1 Kf3 81. Kf1 Kf4 82. Kg1 Kf3 83. Kf1 Kf4 84. Kg1 Kf3 85. Kf1 Kg4
86. Kg2 Kh4 87. Kg1 Kh3 88. Kh1 Kg4 89. Kg2 Kf4 90. Kg1 Kf3 91. Kf1 Kg4 92. Kg2
Kh4 93. Kg1 Kg4 94. Kg2 Kf4 95. Kg1 Kf3 96. Kf1 Kg4 97. Kg2 Kf4 98. Kg1 Kf3 99.
Kf1 Kf4 100. Kg1 Kf3 101. Kf1 Kg4 102. Kg2 Kh4 103. Kg1 Kg4 104. Kg2 Kf4 105.
Kg1 Kf3 106. Kf1 Kg4 107. Kg2 Kh4 108. Kg1 Kh3 109. Kh1 1/2-1/2

[Event "DEM U12/U12w 2000"]
[Site "Überlingen GER"]
[Date "2000.06.10"]
[Round "11"]
[White "Hammerich, Nadine"]
[Black "Stemmler, Lysan"]
[Result "0-1"]
[Termination "normal"]
[Board "45"]
[WhiteElo "675"]
[BlackElo "447"]
[PlyCount "94"]
[BlackFideId "24622451"]
[EventCountry "GER"]
[EventRounds "11"]
[EventType "swiss"]
[EventDate "2000.06.03"]

1. e4 d6 2. d4 Nf6 3. Nc3 g6 4. f3 c6 5. Be3 b5 6. Bd3 Nbd7 7. Qd2 Qa5 8. O-O-O
b4 9. Nce2 Qxa2 10. Qxb4 Rb8 11. Qc3 Qa1+ 12. Kd2 Qxb2 13. Qxb2 Rxb2 14. d5 c5
15. Ra1 Ne5 16. Rxa7 c4 17. Kc1 Rb8 18. f4 cxd3 19. fxe5 dxe2 20. Nxe2 dxe5 21.
Nc3 e6 22. Rd1 exd5 23. Nxd5 Nxd5 24. exd5 Bd6 25. Bg5 Rb7 26. Ra6 Rb1+ 27.
Kxb1 Bxa6 28. Bf6 Rg8 29. Rc1 Bc4 30. Rd1 Kd7 31. Bh4 Rb8+ 32. Kc1 Rb5 33. Rf1
Bxf1 34. Kd2 Rxd5+ 35. Ke1 Bxg2 36. Bf2 e4 37. c4 Re5 38. Bd4 Re8 39. c5 Bxh2
40. Bf6 e3 41. Ke2 Bh3 42. Bd4 Bg4+ 43. Ke1 Bg3+ 44. Kf1 e2+ 45. Kg2 e1=Q 46.
c6+ Kxc6 47. Bh8 Re2# 0-1

[Event "DEM U12/U12w 2000"]
[Site "Überlingen GER"]
[Date "2000.06.10"]
[Round "11"]
[White "Roj, Michaela"]
[Black "Dietzen, Corinna"]
[Result "0-1"]
[Termination "normal"]
[Board "46"]
[WhiteElo "1028"]
[BlackElo "385"]
[PlyCount "74"]
[BlackFideId "24621021"]
[EventCountry "GER"]
[EventRounds "11"]
[EventType "swiss"]
[EventDate "2000.06.03"]

1. Nc3 e5 2. Nf3 Nc6 3. e4 Nf6 4. a3 Bc5 5. Bc4 Ng4 6. d4 exd4 7. Nxd4 Nxd4 8.
b4 Bb6 9. a4 a6 10. a5 Ba7 11. O-O d6 12. h3 Ne5 13. Bb2 Nxc4 14. Bc1 Qf6 15.
Nd5 Qd8 16. c3 c6 17. Ne3 Nxe3 18. Bxe3 Nb5 19. Bd2 d5 20. Qe2 O-O 21. Rae1 Be6
22. exd5 cxd5 23. Qe5 Bb8 24. Qe3 Qc7 25. g3 Bxh3 26. Qe8 Nd6 27. Qe5 Bxf1 28.
Rxf1 Qc4 29. Qe3 Re8 30. Qf3 Ba7 31. g4 Re2 32. Bf4 Ne4 33. g5 Bxf2+ 34. Kh2
Bh4+ 35. Kh3 Bxg5 36. Rg1 Bxf4 37. Qg4 Rh2# 0-1

[Event "DEM U12/U12w 2000"]
[Site "Überlingen GER"]
[Date "2000.06.10"]
[Round "11"]
[White "Mayer, Carina"]
[Black "Riedel, Kristina"]
[Result "1/2-1/2"]
[Termination "normal"]
[Board "47"]
[WhiteElo "401"]
[BlackElo "765"]
[PlyCount "81"]
[BlackFideId "24659282"]
[EventCountry "GER"]
[EventRounds "11"]
[EventType "swiss"]
[EventDate "2000.06.03"]

1. e4 e5 2. Nf3 Nc6 3. Bc4 Bc5 4. Nc3 Nf6 5. d3 h6 6. O-O O-O 7. h3 d6 8. Nh4
Nxe4 9. Nxe4 Qxh4 10. Nxc5 dxc5 11. Qf3 Nd4 12. Qg3 Qxg3 13. fxg3 Nxc2 14. Rb1
Nb4 15. a3 Nc2 16. Rf2 Nd4 17. Be3 a6 18. Rbf1 Be6 19. Bxe6 Nxe6 20. Rf5 f6 21.
Rh5 Nd4 22. Rf2 b6 23. Rh4 Kh7 24. Bxd4 cxd4 25. Rc2 c5 26. Re4 g5 27. g4 Kg6
28. Kf2 h5 29. gxh5+ Kxh5 30. Kg3 Rae8 31. b4 cxb4 32. axb4 f5 33. Ree2 f4+ 34.
Kf2 Kh4 35. Ra2 g4 36. Rxa6 Re6 37. hxg4 Kxg4 38. Re4 Rf5 39. b5 Kg5 40. Kf3
Ref6 41. Ra8 1/2-1/2

[Event "DEM U12/U12w 2000"]
[Site "Überlingen GER"]
[Date "2000.06.10"]
[Round "11"]
[White "Hahn, Eva-Katharina"]
[Black "Bodenschatz, Monique"]
[Result "0-1"]
[Termination "normal"]
[Board "48"]
[WhiteElo "392"]
[BlackElo "350"]
[PlyCount "56"]
[EventCountry "GER"]
[EventRounds "11"]
[EventType "swiss"]
[EventDate "2000.06.03"]

1. d4 c6 2. Nc3 d5 3. Bf4 Nd7 4. e3 Nb6 5. Bd3 Nf6 6. Nge2 Bg4 7. Qd2 e6 8. Ng3
Bb4 9. e4 Na4 10. exd5 exd5 11. Qe3+ Be6 12. O-O Nxb2 13. Nge2 Ng4 14. Qf3 Qh4
15. Ne4 dxe4 16. Bxe4 Bd2 17. Bg3 Qh6 18. d5 Bd7 19. dxc6 bxc6 20. Nd4 f5 21.
Bxc6 Bxc6 22. Nxc6 f4 23. Qe4+ Kd7 24. Qd5+ Kc7 25. Rfb1 fxg3 26. h3 gxf2+ 27.
Kf1 Nh2+ 28. Kxf2 Qe3# 0-1